[Event "DVM U16 2007"]
[Site "Uelzen GER"]
[Date "2007.12.30"]
[Round "7"]
[White "Meißner, Felix"]
[Black "Schätz, Christopher"]
[Result "1/2-1/2"]
[Termination "normal"]
[Board "3.1"]
[WhiteElo "2047"]
[BlackElo "1982"]
[WhiteTeam "SC Leipzig-Gohlis"]
[BlackTeam "USG Chemnitz"]
[PlyCount "46"]
[WhiteFideId "24671827"]
[BlackFideId "24623997"]
[EventCountry "GER"]
[EventRounds "7"]
[EventType "team-swiss"]
[EventDate "2007.12.26"]

1. e4 d5 2. exd5 Nf6 3. c4 c6 4. d4 cxd5 5. Nc3 g6 6. Nf3 Bg7 7. c5 Nc6 8. b4
O-O 9. b5 Ne4 10. bxc6 Nxc3 11. Qb3 Ne4 12. cxb7 Bxb7 13. Qxb7 Qa5+ 14. Bd2
Nxd2 15. Nxd2 Bh6 16. Qb2 e5 17. Rd1 exd4 18. Be2 Rfe8 19. Kf1 Rab8 20. Qc2
Rxe2 21. Kxe2 Qa6+ 22. Kf3 Qf6+ 23. Ke2 Qa6+ 1/2-1/2

[Event "DVM U16 2007"]
[Site "Uelzen GER"]
[Date "2007.12.30"]
[Round "7"]
[White "Oltmanns, Ingmar"]
[Black "Doberitz, Paul"]
[Result "0-1"]
[Termination "normal"]
[Board "3.2"]
[WhiteElo "1929"]
[BlackElo "2077"]
[WhiteTeam "USG Chemnitz"]
[BlackTeam "SC Leipzig-Gohlis"]
[PlyCount "51"]
[WhiteFideId "4613910"]
[BlackFideId "24646130"]
[EventCountry "GER"]
[EventRounds "7"]
[EventType "team-swiss"]
[EventDate "2007.12.26"]

1. Nf3 Nf6 2. c4 g6 3. d4 c5 4. dxc5 Qa5+ 5. Nc3 Bg7 6. Qc2 Qxc5 7. e4 d6 8.
Be2 O-O 9. h3 Be6 10. Be3 Qc8 11. Nd2 Nc6 12. f4 Na5 13. Qa4 Qc7 14. Nb5 Qd8
15. O-O Bd7 16. Qd1 a6 17. Nc3 Rb8 18. b4 Nc6 19. Rb1 Ne8 20. Nd5 b5 21. c5 Nd4
22. Nf3 Nxe2+ 23. Qxe2 Bc6 24. Nd4 Ba8 25. Rfd1 e6 26. Rbc1 0-1

[Event "DVM U16 2007"]
[Site "Uelzen GER"]
[Date "2007.12.30"]
[Round "7"]
[White "Heistermann, Till"]
[Black "Leschner, Marius"]
[Result "1/2-1/2"]
[Termination "normal"]
[Board "3.3"]
[WhiteElo "1700"]
[BlackElo "1756"]
[WhiteTeam "SC Leipzig-Gohlis"]
[BlackTeam "USG Chemnitz"]
[PlyCount "52"]
[BlackFideId "4613813"]
[EventCountry "GER"]
[EventRounds "7"]
[EventType "team-swiss"]
[EventDate "2007.12.26"]

1. e4 e6 2. d4 d5 3. Nc3 dxe4 4. Nxe4 Bd7 5. Nf3 Bc6 6. Bd3 Nd7 7. O-O Ngf6 8.
Nxf6+ Nxf6 9. Qe2 Be7 10. c3 Bxf3 11. Qxf3 c6 12. Bf4 O-O 13. Bc2 Qd5 14. Qe2
Bd6 15. Be5 Bxe5 16. dxe5 Nd7 17. f4 Nb6 18. Bb3 Qc5+ 19. Qf2 Qxf2+ 20. Kxf2
Rad8 21. Rad1 Rfe8 22. Ke3 Kf8 23. g3 Ke7 24. Ke4 Nd7 25. Ke3 Nb6 26. Ke4 Nd7
1/2-1/2

[Event "DVM U16 2007"]
[Site "Uelzen GER"]
[Date "2007.12.30"]
[Round "7"]
[White "Le Minh, Viet"]
[Black "Ohme, Markus"]
[Result "1-0"]
[Termination "normal"]
[Board "3.4"]
[WhiteElo "1627"]
[BlackElo "1239"]
[WhiteTeam "USG Chemnitz"]
[BlackTeam "SC Leipzig-Gohlis"]
[PlyCount "67"]
[EventCountry "GER"]
[EventRounds "7"]
[EventType "team-swiss"]
[EventDate "2007.12.26"]

1. e4 a6 2. d4 b5 3. Bd3 Bb7 4. Nc3 Nf6 5. a3 e6 6. Nge2 d6 7. Ng3 Nbd7 8. O-O
Nb6 9. f4 Be7 10. f5 Qd7 11. e5 dxe5 12. dxe5 Nfd5 13. Qe2 Nxc3 14. bxc3 Nd5
15. c4 Bc5+ 16. Kh1 bxc4 17. Bxc4 Bd4 18. Bxd5 Bxd5 19. Rb1 Qc6 20. Rb4 Bb6 21.
c4 Bxg2+ 22. Qxg2 Qxg2+ 23. Kxg2 Ke7 24. fxe6 Kxe6 25. Bb2 Rhd8 26. Ne4 Rd3 27.
Ng5+ Kd7 28. Rxf7+ Kc6 29. Rxg7 Rd2+ 30. Kg3 Bf2+ 31. Kf3 Rad8 32. Ne6 R8d3+
33. Ke4 Re3+ 34. Kf4 1-0

[Event "DVM U16 2007"]
[Site "Uelzen GER"]
[Date "2007.12.30"]
[Round "7"]
[White "Stitterich, Nadine"]
[Black "Lichmann, Peter"]
[Result "0-1"]
[Termination "normal"]
[Board "4.1"]
[WhiteElo "1745"]
[BlackElo "2324"]
[WhiteTeam "SV Stuttgart-Wolfbusch"]
[BlackTeam "SV Werder Bremen"]
[PlyCount "80"]
[WhiteFideId "24676527"]
[BlackFideId "14111268"]
[EventCountry "GER"]
[EventRounds "7"]
[EventType "team-swiss"]
[EventDate "2007.12.26"]

1. e4 c5 2. Nf3 e6 3. d4 cxd4 4. Nxd4 a6 5. Nc3 Qc7 6. Be3 Bb4 7. Qd3 Nf6 8.
Nde2 Nc6 9. a3 Be7 10. f4 d6 11. g3 b5 12. Bg2 Bb7 13. O-O O-O 14. Nd4 Ng4 15.
Rae1 Nxe3 16. Qxe3 Na5 17. Rb1 Rac8 18. Nde2 Rfd8 19. Kh1 Bf6 20. Qf2 Nc4 21.
Qe1 Nxa3 22. bxa3 Bxc3 23. Nxc3 Qxc3 24. Qxc3 Rxc3 25. a4 Rxc2 26. Rfe1 Bc6 27.
Rbc1 Rxc1 28. Rxc1 Be8 29. Bf1 bxa4 30. Bxa6 Kf8 31. Kg1 Rb8 32. Bd3 Rb3 33.
Bc4 Rb4 34. Bd3 Rd4 35. Rc3 Rb4 36. Bc2 Bb5 37. Rc8+ Ke7 38. Rb8 a3 39. Rb7+
Kd8 40. Ra7 Rb2 0-1

[Event "DVM U16 2007"]
[Site "Uelzen GER"]
[Date "2007.12.30"]
[Round "7"]
[White "Bart, Simon"]
[Black "Lobmeyer, Fabian"]
[Result "1-0"]
[Termination "normal"]
[Board "4.2"]
[WhiteElo "1951"]
[BlackElo "1648"]
[WhiteTeam "SV Werder Bremen"]
[BlackTeam "SV Stuttgart-Wolfbusch"]
[PlyCount "59"]
[WhiteFideId "24637327"]
[BlackFideId "24659681"]
[EventCountry "GER"]
[EventRounds "7"]
[EventType "team-swiss"]
[EventDate "2007.12.26"]

1. e4 c5 2. Nf3 e6 3. d4 cxd4 4. Nxd4 a6 5. c4 Qc7 6. Nc3 Nf6 7. Be3 Bb4 8. Bd3
Nc6 9. a3 Be7 10. h3 O-O 11. O-O Ne5 12. Qe2 d6 13. f4 Nxd3 14. Qxd3 Rd8 15. f5
exf5 16. Nxf5 Bxf5 17. Rxf5 Rac8 18. b3 b5 19. Nd5 Nxd5 20. Qxd5 Bf6 21. Rc1
Bb2 22. Rcf1 Rd7 23. cxb5 axb5 24. Qxb5 Bxa3 25. Ra1 Bc5 26. Bxc5 dxc5 27. Rxc5
Qd8 28. Rxc8 Qxc8 29. Qxd7 Qc5+ 30. Kh1 1-0

[Event "DVM U16 2007"]
[Site "Uelzen GER"]
[Date "2007.12.30"]
[Round "7"]
[White "Häcker, Katrin"]
[Black "Stelter, Frederik"]
[Result "0-1"]
[Termination "normal"]
[Board "4.3"]
[WhiteElo "1463"]
[BlackElo "1379"]
[WhiteTeam "SV Stuttgart-Wolfbusch"]
[BlackTeam "SV Werder Bremen"]
[PlyCount "76"]
[WhiteFideId "24667986"]
[EventCountry "GER"]
[EventRounds "7"]
[EventType "team-swiss"]
[EventDate "2007.12.26"]

1. e4 c6 2. d4 d5 3. Nc3 dxe4 4. Nxe4 Bf5 5. Qf3 Bxe4 6. Qxe4 Nf6 7. Qe3 e6 8.
Nf3 Nbd7 9. Bd3 Qc7 10. Bd2 Bd6 11. h3 O-O-O 12. O-O-O h6 13. Rhe1 c5 14. Bb5
cxd4 15. Nxd4 Bc5 16. Qc3 Nd5 17. Bxd7+ Rxd7 18. Qd3 Nf4 19. Qf3 Rxd4 20. Bc3
Rxd1+ 21. Rxd1 Rg8 22. Bd2 Ng6 23. Be3 Bxe3+ 24. fxe3 Rd8 25. Rf1 Qd7 26. Rd1
Qxd1+ 27. Qxd1 Rxd1+ 28. Kxd1 Kd7 29. Ke2 Kd6 30. Kd3 Kd5 31. g3 Ne5+ 32. Ke2
Ke4 33. b3 Nd7 34. Kf2 Nb6 35. c4 Kd3 36. Kf3 Nxc4 37. bxc4 Kxc4 38. Ke4 b5 0-1

[Event "DVM U16 2007"]
[Site "Uelzen GER"]
[Date "2007.12.30"]
[Round "7"]
[White "Sasse, Fabius"]
[Black "Hamm, Lukas"]
[Result "0-1"]
[Termination "normal"]
[Board "4.4"]
[WhiteElo "1463"]
[BlackElo "1472"]
[WhiteTeam "SV Werder Bremen"]
[BlackTeam "SV Stuttgart-Wolfbusch"]
[PlyCount "109"]
[WhiteFideId "24659657"]
[BlackFideId "24659690"]
[EventCountry "GER"]
[EventRounds "7"]
[EventType "team-swiss"]
[EventDate "2007.12.26"]

1. e4 e5 2. Nf3 Nc6 3. Bc4 Bc5 4. Nc3 d6 5. h3 Be6 6. Bb3 Nf6 7. d3 h6 8. Be3
Bb6 9. Qd2 Nd4 10. Bxd4 exd4 11. Ne2 c5 12. Bxe6 fxe6 13. Nh2 e5 14. Ng4 Qe7
15. Ng3 Nxg4 16. hxg4 O-O-O 17. Nf5 Qf7 18. a4 a6 19. b4 cxb4 20. Qxb4 Qc7 21.
O-O Ba5 22. Qb3 Kb8 23. Rfb1 g6 24. Ng3 Rhf8 25. Ra2 Qf7 26. Qxf7 Rxf7 27. f3
Rc8 28. Kf1 Rfc7 29. Rab2 Ka7 30. Ne2 b6 31. Rc1 Bd2 32. Rcb1 Ba5 33. Rc1 Rc5
34. g3 g5 35. Ng1 $11 Bd2 36. Rcb1 R8c6 37. Ke2 Be3 38. Rb3 Rxc2+ 39. Kd1 Bxg1
40. a5 b5 41. Rb4 Be3 42. R4b2 Rc1+ 43. Rxc1 Rxc1+ 44. Ke2 Ra1 45. Rc2 Kb7 46.
Rb2 Rxa5 47. Kd1 Ra1+ 48. Kc2 Rf1 49. Kb3 Rf2 50. Rb1 Rxf3 51. Rh1 Rf6 52. Kb4
Kb6 53. Rh2 a5+ 54. Kb3 Bf2 55. Rh1 0-1

[Event "DVM U16 2007"]
[Site "Uelzen GER"]
[Date "2007.12.30"]
[Round "7"]
[White "Wortmann, Jonas"]
[Black "Neukötter, Max"]
[Result "1/2-1/2"]
[Termination "normal"]
[Board "5.1"]
[WhiteElo "2043"]
[BlackElo "1936"]
[WhiteTeam "SF Limburgerhof"]
[BlackTeam "SF Paderborn"]
[PlyCount "38"]
[WhiteFideId "24628069"]
[BlackFideId "24648108"]
[EventCountry "GER"]
[EventRounds "7"]
[EventType "team-swiss"]
[EventDate "2007.12.26"]

1. e4 c5 2. Nf3 Nc6 3. d4 cxd4 4. Nxd4 g6 5. c4 Bg7 6. Be3 Nf6 7. Nc3 Ng4 8.
Qxg4 Nxd4 9. Qd1 Ne6 10. Be2 O-O 11. O-O f5 12. exf5 gxf5 13. f4 Kh8 14. Qd2 d6
15. Bf3 Qa5 16. Rac1 Nc5 17. Qe2 e5 18. fxe5 dxe5 19. Bd5 Be6 1/2-1/2

[Event "DVM U16 2007"]
[Site "Uelzen GER"]
[Date "2007.12.30"]
[Round "7"]
[White "Dorenkamp, Marc"]
[Black "Babayev, Husejn"]
[Result "1/2-1/2"]
[Termination "normal"]
[Board "5.2"]
[WhiteElo "2013"]
[BlackElo "1859"]
[WhiteTeam "SF Paderborn"]
[BlackTeam "SF Limburgerhof"]
[PlyCount "39"]
[WhiteFideId "4647696"]
[BlackFideId "4647599"]
[EventCountry "GER"]
[EventRounds "7"]
[EventType "team-swiss"]
[EventDate "2007.12.26"]

1. e4 c5 2. Nc3 a6 3. a4 Nc6 4. g3 e6 5. Bg2 g6 6. d3 Bg7 7. Be3 d6 8. f4 Rb8
9. Nf3 b5 10. axb5 axb5 11. Qd2 b4 12. Nd1 Nf6 13. h3 O-O 14. O-O Nd7 15. f5
exf5 16. exf5 Nce5 17. fxg6 Nxf3+ 18. Rxf3 fxg6 19. Bh6 Ne5 20. Rxf8+ 1/2-1/2

[Event "DVM U16 2007"]
[Site "Uelzen GER"]
[Date "2007.12.30"]
[Round "7"]
[White "Nonhoff, Marko"]
[Black "Grimm, Christian"]
[Result "1/2-1/2"]
[Termination "normal"]
[Board "5.4"]
[WhiteElo "1706"]
[BlackElo "1531"]
[WhiteTeam "SF Paderborn"]
[BlackTeam "SF Limburgerhof"]
[PlyCount "42"]
[WhiteFideId "4648269"]
[BlackFideId "24659592"]
[EventCountry "GER"]
[EventRounds "7"]
[EventType "team-swiss"]
[EventDate "2007.12.26"]

1. e4 c5 2. c3 d5 3. exd5 Qxd5 4. d4 Nf6 5. Nf3 Bg4 6. Be2 e6 7. O-O Nc6 8. Be3
cxd4 9. cxd4 Be7 10. Nc3 Qd7 11. a3 O-O 12. Rc1 a6 13. b4 Rfd8 14. Ne5 Bxe2 15.
Nxe2 Nxe5 16. dxe5 Qxd1 17. Rfxd1 Rxd1+ 18. Rxd1 Nd5 19. Rd3 Rc8 20. g3 Bd8 21.
Bd4 h6 1/2-1/2

[Event "DVM U16 2007"]
[Site "Uelzen GER"]
[Date "2007.12.30"]
[Round "7"]
[White "Tschlatscher, Thomas"]
[Black "Zhou, Syang"]
[Result "1-0"]
[Termination "normal"]
[Board "6.1"]
[WhiteElo "1986"]
[BlackElo "1940"]
[WhiteTeam "Heilbronner SV"]
[BlackTeam "SF Deizisau"]
[PlyCount "53"]
[WhiteFideId "24635863"]
[BlackFideId "24636126"]
[EventCountry "GER"]
[EventRounds "7"]
[EventType "team-swiss"]
[EventDate "2007.12.26"]

1. f4 Nf6 2. Nf3 d5 3. d3 c5 4. g3 Nc6 5. Bg2 Bg4 6. Nbd2 Qc7 7. O-O e5 8. fxe5
Nxe5 9. Nxe5 Qxe5 10. Nf3 Qc7 11. c3 h6 12. Bf4 Bd6 13. Qd2 Bxf4 14. gxf4 O-O
15. Rae1 Rad8 16. Ne5 Bf5 17. Kh1 Ng4 18. Nxg4 Bxg4 19. f5 f6 20. Rf4 Bh5 21.
d4 Rfe8 22. Rh4 Bf7 23. Rg1 Kf8 24. Bf3 Bg8 25. Rxh6 gxh6 26. Qxh6+ Qg7 27.
Qxg7# 1-0

[Event "DVM U16 2007"]
[Site "Uelzen GER"]
[Date "2007.12.30"]
[Round "7"]
[White "Pogan, Nikolas"]
[Black "Rempeli, Alex"]
[Result "1/2-1/2"]
[Termination "normal"]
[Board "6.3"]
[WhiteElo "1992"]
[BlackElo "1706"]
[WhiteTeam "Heilbronner SV"]
[BlackTeam "SF Deizisau"]
[PlyCount "68"]
[WhiteFideId "24673579"]
[BlackFideId "24645931"]
[EventCountry "GER"]
[EventRounds "7"]
[EventType "team-swiss"]
[EventDate "2007.12.26"]

1. e4 e6 2. d4 d5 3. e5 c5 4. c3 Nc6 5. Nf3 Bd7 6. Be2 Nge7 7. a3 Nf5 8. b4
cxd4 9. cxd4 a6 10. Bb2 Be7 11. Nbd2 O-O 12. O-O Na7 13. g4 Nh4 14. Nxh4 Bxh4
15. a4 Be7 16. Bc3 Rc8 17. Qb3 f6 18. f4 fxe5 19. fxe5 Rxf1+ 20. Nxf1 Qf8 21.
b5 axb5 22. axb5 Nxb5 23. Bb2 Bh4 24. Ng3 Qf4 25. Rf1 Nxd4 26. Qd3 Nxe2+ 27.
Qxe2 Qc4 28. Qf3 Qc5+ 29. Bd4 Qxd4+ 30. Kh1 Bf6 31. exf6 Qxf6 32. Qa3 Qd8 33.
Qd6 d4 34. Kg1 d3 1/2-1/2

[Event "DVM U16 2007"]
[Site "Uelzen GER"]
[Date "2007.12.30"]
[Round "7"]
[White "Rothengaß, Marc"]
[Black "Pogan, Sebastian"]
[Result "0-1"]
[Termination "normal"]
[Board "6.4"]
[WhiteElo "1485"]
[BlackElo "1869"]
[WhiteTeam "SF Deizisau"]
[BlackTeam "Heilbronner SV"]
[PlyCount "52"]
[WhiteFideId "24659606"]
[BlackFideId "24673587"]
[EventCountry "GER"]
[EventRounds "7"]
[EventType "team-swiss"]
[EventDate "2007.12.26"]

1. e4 c5 2. Nf3 d6 3. Bb5+ Nc6 4. Bxc6+ bxc6 5. d3 g6 6. Bd2 Bg7 7. Bc3 Nf6 8.
h3 O-O 9. O-O e5 10. Re1 Nh5 11. Nbd2 Nf4 12. Nf1 f5 13. Ng3 Rb8 14. Rb1 Be6
15. b3 Bh6 16. Bd2 Qd7 17. exf5 gxf5 18. Ne2 Nxe2+ 19. Rxe2 f4 20. Kh2 Kh8 21.
Qf1 Rf5 22. Be1 Rg8 23. Qh1 Rh5 24. Qf1 Rxg2+ 25. Qxg2 Bxh3 26. Qg1 Bf1+ 0-1

[Event "DVM U16 2007"]
[Site "Uelzen GER"]
[Date "2007.12.30"]
[Round "7"]
[White "Colpe, Malte"]
[Black "Butschek, Marc"]
[Result "1-0"]
[Termination "normal"]
[Board "7.2"]
[WhiteElo "2020"]
[BlackElo "1665"]
[WhiteTeam "Hamburger SK"]
[BlackTeam "SG Bochum"]
[PlyCount "66"]
[WhiteFideId "24623075"]
[BlackFideId "4630904"]
[EventCountry "GER"]
[EventRounds "7"]
[EventType "team-swiss"]
[EventDate "2007.12.26"]

1. d4 d5 2. c4 e5 3. dxe5 d4 4. Nf3 Nc6 5. g3 Bc5 6. a3 a5 7. Nbd2 Be6 8. Bg2
Nge7 9. O-O O-O 10. Ne4 Ba7 11. Qc2 Ng6 12. Bf4 Bf5 13. Ne1 Ncxe5 14. Bxe5 Nxe5
15. Nd3 Nd7 16. Nd2 Rb8 17. b4 c5 18. b5 Ne5 19. Nf3 Nxf3+ 20. Bxf3 Qf6 21. Qd2
b6 22. Nf4 Rfe8 23. Bc6 Re5 24. Rfe1 Rd8 25. Nd5 Rdxd5 26. Bxd5 Rxd5 27. cxd5
a4 28. e4 Bh3 29. Qf4 Qe7 30. d6 Qd7 31. e5 Qxb5 32. Qxd4 Qc6 33. Qe4 Qc8 {
noch 3 weitere Zuege, auf beiden Partieformular unlesbar.} 1-0

[Event "DVM U16 2007"]
[Site "Uelzen GER"]
[Date "2007.12.30"]
[Round "7"]
[White "Golosnyak, Alexander"]
[Black "Ma, Beini"]
[Result "0-1"]
[Termination "normal"]
[Board "7.3"]
[WhiteElo "1390"]
[BlackElo "1953"]
[WhiteTeam "SG Bochum"]
[BlackTeam "Hamburger SK"]
[PlyCount "72"]
[WhiteFideId "24659703"]
[BlackFideId "24630101"]
[EventCountry "GER"]
[EventRounds "7"]
[EventType "team-swiss"]
[EventDate "2007.12.26"]

1. e4 c5 2. Nf3 d6 3. d4 cxd4 4. Nxd4 Nf6 5. Nc3 a6 6. Bc4 e6 7. Be3 Be7 8. f3
b5 9. Bd3 e5 10. Nb3 Be6 11. Nd2 Nbd7 12. Ne2 d5 13. Ng3 Nc5 14. Bxc5 Bxc5 15.
Qe2 Rc8 16. O-O-O Qa5 17. Kb1 dxe4 18. Ngxe4 Qxa2+ 19. Kc1 Nxe4 20. Nxe4 Qa1+
21. Kd2 Qxb2 22. Ke1 O-O 23. Kf1 h6 24. Qd2 f5 25. Ng3 e4 26. Be2 Be7 27. Qd4
Qxd4 28. Rxd4 Rxc2 29. Nh5 g5 30. Ng3 Rd8 31. Rxd8+ Bxd8 32. Kf2 Bb6+ 33. Ke1
e3 34. Nf1 Rc1+ 35. Bd1 Bc4 36. Ng3 Ba5# 0-1

[Event "DVM U16 2007"]
[Site "Uelzen GER"]
[Date "2007.12.30"]
[Round "7"]
[White "Daedrich, Timo"]
[Black "Ryvkin, Leonid"]
[Result "0-1"]
[Termination "normal"]
[Board "7.4"]
[WhiteElo "1432"]
[BlackElo "1231"]
[WhiteTeam "Hamburger SK"]
[BlackTeam "SG Bochum"]
[PlyCount "46"]
[EventCountry "GER"]
[EventRounds "7"]
[EventType "team-swiss"]
[EventDate "2007.12.26"]

1. e4 Nf6 2. e5 Nd5 3. c4 Nb6 4. d4 d6 5. f4 dxe5 6. fxe5 e6 7. Nf3 c5 8. Be3
cxd4 9. Nxd4 Nc6 10. c5 Bxc5 11. Nxc6 Qxd1+ 12. Kxd1 Bxe3 13. Na5 Bd4 14. Bb5+
Bd7 15. Bxd7+ Kxd7 16. Kc2 Bxe5 17. Nxb7 Rhc8+ 18. Kb3 a5 19. Re1 a4+ 20. Kb4
Nd5+ 21. Kb5 Bxb2 22. Nd2 Bxa1 23. Rxa1 Rcb8 0-1

[Event "DVM U16 2007"]
[Site "Uelzen GER"]
[Date "2007.12.30"]
[Round "7"]
[White "Meyer, Jens"]
[Black "Wendling, Hannes"]
[Result "0-1"]
[Termination "normal"]
[Board "8.1"]
[WhiteElo "1545"]
[BlackElo "2146"]
[WhiteTeam "SC Réti Heusweiler"]
[BlackTeam "SV Empor Erfurt"]
[PlyCount "68"]
[WhiteFideId "4657993"]
[BlackFideId "24624284"]
[EventCountry "GER"]
[EventRounds "7"]
[EventType "team-swiss"]
[EventDate "2007.12.26"]

1. e4 c5 2. Nc3 d6 3. d3 g6 4. g3 Bg7 5. Nge2 Nc6 6. Bg2 e5 7. f4 Nge7 8. O-O
O-O 9. Nd5 Rb8 10. fxe5 Nxd5 11. exd5 Nxe5 12. c3 b5 13. d4 cxd4 14. Nxd4 b4
15. Be3 bxc3 16. bxc3 Qc7 17. Qc2 Ng4 18. Bf2 Ba6 19. Nc6 Bxf1 20. Nxb8 Bxg2
21. Kxg2 Rxb8 22. Rc1 Nxf2 23. Kxf2 Qb6+ 24. Kf3 Qb2 25. c4 Qxc2 26. Rxc2 Rb2
27. Rxb2 Bxb2 28. Ke2 Kg7 29. Kd3 Kf6 30. Kc2 Bd4 31. Kd3 Bc5 32. Ke4 Ke7 33.
Kf4 f6 34. h3 Kd7 0-1

[Event "DVM U16 2007"]
[Site "Uelzen GER"]
[Date "2007.12.30"]
[Round "7"]
[White "Jacobi, Robin"]
[Black "Wilhelm, Robin"]
[Result "1-0"]
[Termination "normal"]
[Board "8.2"]
[WhiteElo "1985"]
[BlackElo "1415"]
[WhiteTeam "SV Empor Erfurt"]
[BlackTeam "SC Réti Heusweiler"]
[PlyCount "101"]
[WhiteFideId "24646962"]
[BlackFideId "4659627"]
[EventCountry "GER"]
[EventRounds "7"]
[EventType "team-swiss"]
[EventDate "2007.12.26"]

1. b4 Nf6 2. Bb2 d5 3. e3 e6 4. b5 c6 5. a4 Bd7 6. c4 a6 7. Nc3 Bb4 8. Qb3 Bxc3
9. Bxc3 O-O 10. d3 axb5 11. axb5 Rxa1+ 12. Bxa1 cxb5 13. c5 Na6 14. d4 Qa5+ 15.
Bc3 b4 16. Bd2 Qa1+ 17. Qd1 Qxd1+ 18. Kxd1 Ne4 19. Be2 b3 20. Kc1 Nc7 21. Kb2
Ba4 22. f3 Nf6 23. Ba5 Na8 24. Ka3 Bc6 25. Bd3 Rb8 26. Kxb3 b6 27. cxb6 Nxb6
28. Bb4 Ba4+ 29. Kc3 Rc8+ 30. Kd2 Nc4+ 31. Bxc4 dxc4 32. Ne2 Rb8 33. Bc3 Nd5
34. Ra1 Nxc3 35. Kxc3 Bb3 36. e4 Kf8 37. Nc1 Ke7 38. Rb1 Kd6 39. Nxb3 cxb3 40.
Rxb3 Rxb3+ 41. Kxb3 e5 42. d5 Kc5 43. Kc3 g5 44. Kd3 h5 45. h3 f6 46. Kc3 Kb5
47. Kb3 Kc5 48. Ka4 h4 49. Ka5 f5 50. Ka4 fxe4 51. fxe4 1-0

[Event "DVM U16 2007"]
[Site "Uelzen GER"]
[Date "2007.12.30"]
[Round "7"]
[White "Wilhelm, Kevin"]
[Black "Balßuweit, Michael"]
[Result "1-0"]
[Termination "normal"]
[Board "8.3"]
[WhiteElo "1187"]
[BlackElo "1473"]
[WhiteTeam "SC Réti Heusweiler"]
[BlackTeam "SV Empor Erfurt"]
[PlyCount "37"]
[EventCountry "GER"]
[EventRounds "7"]
[EventType "team-swiss"]
[EventDate "2007.12.26"]

1. e4 e6 2. Nf3 d5 3. exd5 exd5 4. d4 Bd6 5. c4 Ne7 6. c5 Bf5 7. cxd6 Qxd6 8.
Nc3 O-O 9. Be2 c6 10. O-O Nd7 11. h3 Ng6 12. Bd3 Be6 13. Ng5 f5 14. Nxe6 Qxe6
15. Re1 Qf6 16. Qf3 Nh4 17. Qh5 f4 18. Bxh7+ Kh8 19. Bg6+ 1-0

[Event "DVM U16 2007"]
[Site "Uelzen GER"]
[Date "2007.12.30"]
[Round "7"]
[White "König, Tobias Marius"]
[Black "Meiser, Michael"]
[Result "1-0"]
[Termination "normal"]
[Board "8.4"]
[WhiteElo "1367"]
[BlackElo "1451"]
[WhiteTeam "SV Empor Erfurt"]
[BlackTeam "SC Réti Heusweiler"]
[PlyCount "119"]
[BlackFideId "24659762"]
[EventCountry "GER"]
[EventRounds "7"]
[EventType "team-swiss"]
[EventDate "2007.12.26"]

1. e4 c5 2. Nc3 Nc6 3. f4 e6 4. Bc4 Nf6 5. Qe2 Nd4 6. Qd3 a6 7. a4 d5 8. exd5
exd5 9. Bb3 Qe7+ 10. Nge2 Bf5 11. Qe3 Nxe2 12. Nxe2 c4 13. Qxe7+ Bxe7 14. Nd4
Be4 15. Ba2 Bc5 16. c3 O-O 17. O-O Rfe8 18. b3 Bd3 19. Rd1 Bc2 20. Rf1 cxb3 21.
Bb1 Bxd4+ 22. cxd4 Re4 23. Bb2 Re2 24. Bxc2 bxc2 25. Rfc1 Rc8 26. Bc3 b5 27.
Kf1 Re4 28. g3 b4 29. Bxb4 Rxd4 30. Bc3 Rdc4 31. Ba5 Rb8 32. Ke2 Rc5 33. Bc3
Ne4 34. Kd3 Rbc8 35. Rxc2 Nxd2 36. Kxd2 d4 37. Ra3 dxc3+ 38. Raxc3 Rd5+ 39. Rd3
Rxd3+ 40. Kxd3 Rd8+ 41. Kc4 Rb8 42. Rc3 a5 43. Rb3 Rc8+ 44. Kd5 g6 45. Rb5 Rc2
46. Rxa5 Rxh2 47. Rb5 Rd2+ 48. Kc6 Rd3 49. a5 Rxg3 50. a6 Ra3 51. Kb6 Kg7 52.
a7 Rxa7 53. Kxa7 h5 54. Kb6 f6 55. Rd5 Kh6 56. Kc5 h4 57. Kd4 g5 58. fxg5+ fxg5
59. Ke3 h3 60. Kf3 1-0

[Event "DVM U16 2007"]
[Site "Uelzen GER"]
[Date "2007.12.30"]
[Round "7"]
[White "Meier, Lars"]
[Black "Stockhuß, Kevin"]
[Result "1/2-1/2"]
[Termination "normal"]
[Board "9.1"]
[WhiteElo "1864"]
[BlackElo "1803"]
[WhiteTeam "SK Gründau"]
[BlackTeam "Brackweder SK"]
[PlyCount "47"]
[WhiteFideId "24602396"]
[EventCountry "GER"]
[EventRounds "7"]
[EventType "team-swiss"]
[EventDate "2007.12.26"]

1. e4 c5 2. c3 d5 3. exd5 Qxd5 4. d4 e6 5. Nf3 Nf6 6. Be3 cxd4 7. Bxd4 Be7 8.
Nbd2 Nc6 9. Bc4 Qd6 10. Bxf6 Bxf6 11. Ne4 Qxd1+ 12. Rxd1 Be7 13. Nd6+ Bxd6 14.
Rxd6 Ke7 15. Rd2 b6 16. Bb5 Bb7 17. Bxc6 Bxc6 18. Ne5 Be8 19. O-O f6 20. Nf3
Rd8 21. Nd4 Kf7 22. Rfd1 e5 23. Nf5 Rxd2 24. Rxd2 1/2-1/2

[Event "DVM U16 2007"]
[Site "Uelzen GER"]
[Date "2007.12.30"]
[Round "7"]
[White "Olyschläger, Richard"]
[Black "Tautz, Hendrik"]
[Result "1/2-1/2"]
[Termination "normal"]
[Board "9.2"]
[WhiteElo "1884"]
[BlackElo "1583"]
[WhiteTeam "Brackweder SK"]
[BlackTeam "SK Gründau"]
[PlyCount "34"]
[WhiteFideId "24630209"]
[BlackFideId "4677536"]
[EventCountry "GER"]
[EventRounds "7"]
[EventType "team-swiss"]
[EventDate "2007.12.26"]

1. e4 c5 2. Nf3 e6 3. d4 cxd4 4. Nxd4 a6 5. c4 d6 6. g3 Qc7 7. b3 b6 8. Bg2 Bb7
9. O-O Nf6 10. Re1 Nbd7 11. Bb2 Be7 12. Nc3 O-O 13. Rc1 Rac8 14. Qd3 Qb8 15.
Qb1 Qa8 16. Ba1 Nc5 17. b4 Ncd7 1/2-1/2

[Event "DVM U16 2007"]
[Site "Uelzen GER"]
[Date "2007.12.30"]
[Round "7"]
[White "Hahn, Florian"]
[Black "Spisla, Dominik"]
[Result "1-0"]
[Termination "normal"]
[Board "9.3"]
[WhiteElo "1501"]
[BlackElo "1706"]
[WhiteTeam "SK Gründau"]
[BlackTeam "Brackweder SK"]
[PlyCount "31"]
[WhiteFideId "24659720"]
[BlackFideId "24676306"]
[EventCountry "GER"]
[EventRounds "7"]
[EventType "team-swiss"]
[EventDate "2007.12.26"]

1. Nf3 d5 2. b3 e6 3. e3 Nf6 4. Bb2 c5 5. c4 Nc6 6. cxd5 exd5 7. Bb5 a6 8.
Bxc6+ bxc6 9. O-O Rb8 10. Ba3 Bd6 11. Qc2 Qe7 12. d4 Ne4 13. Rc1 Ng5 14. Nxg5
Qxg5 15. Bxc5 Bh3 16. f4 1-0

[Event "DVM U16 2007"]
[Site "Uelzen GER"]
[Date "2007.12.30"]
[Round "7"]
[White "Gohlke, Philipp"]
[Black "Felczer, David"]
[Result "1-0"]
[Termination "normal"]
[Board "9.4"]
[WhiteElo "1580"]
[BlackElo "1351"]
[WhiteTeam "Brackweder SK"]
[BlackTeam "SK Gründau"]
[PlyCount "43"]
[WhiteFideId "24659614"]
[BlackFideId "24659738"]
[EventCountry "GER"]
[EventRounds "7"]
[EventType "team-swiss"]
[EventDate "2007.12.26"]

1. e4 c5 2. Nf3 e6 3. d4 cxd4 4. Nxd4 Nc6 5. Nc3 Nf6 6. a3 Be7 7. Be3 O-O 8.
Bd3 Ne5 9. h3 Ng6 10. O-O b6 11. Qd2 Bb7 12. Rae1 Rc8 13. f4 Re8 14. Qf2 Nf8
15. f5 Bxa3 16. bxa3 Rxc3 17. Nb5 Rc8 18. Nd6 Rb8 19. Nxe8 Qxe8 20. e5 Nd5 21.
f6 g6 22. Qh4 1-0